Complex variables and the Laplace transform for engineers (Record no. 13856)

000 -LEADER
fixed length control field 00606nam a22002051 4500
001 - CONTROL NUMBER
control field 13856
003 - CONTROL NUMBER IDENTIFIER
control field BD-DhUET
008 - FIXED-LENGTH DATA ELEMENTS--GENERAL INFORMATION
fixed length control field 840622s1961 nyua b 000 0 eng
040 ## - CATALOGING SOURCE
Original cataloging agency DLC
Transcribing agency DLC
Modifying agency BD-DhUET
082 00 - DEWEY DECIMAL CLASSIFICATION NUMBER
Classification number 517.862
Item number LEP/1961
100 ## - MAIN ENTRY--PERSONAL NAME
Personal name LePage, Wilbur R.
245 10 - TITLE STATEMENT
Title Complex variables and the Laplace transform for engineers
250 ## - EDITION STATEMENT
Edition statement 1st ed.
260 ## - PUBLICATION, DISTRIBUTION, ETC. (IMPRINT)
Place of publication, distribution, etc. Bombay
Name of publisher, distributor, etc. McGraw-Hill
Date of publication, distribution, etc. 1961
300 ## - PHYSICAL DESCRIPTION
Extent xvi, 475 p.
Other physical details ill.
Dimensions 24 cm.
490 ## - SERIES STATEMENT
Series statement International series in pure and applied mathematics
504 ## - BIBLIOGRAPHY, ETC. NOTE
Bibliography, etc Includes bibliographies
650 #0 - SUBJECT ADDED ENTRY--TOPICAL TERM
Topical term or geographic name as entry element Calculus - Complex variables
942 ## - ADDED ENTRY ELEMENTS (KOHA)
Koha item type General Book
Holdings
Damaged status Koha item type Copy number Location (home branch) Date acquired Not for loan Withdrawn status Koha date last seen Koha full call number Shelving location Source of classification or shelving scheme Koha normalized classification for sorting Sublocation or collection (holding branch) Price effective from Lost status Piece designation (barcode)
 General Book1Central Library, BUET2015-03-05  2015-03-05517.862/LEP/1961Circulation section 517_862000000000000_LEP_1961Central Library, BUET2015-03-05 40116
 General Book2Central Library, BUET2015-03-05  2015-03-05517.862/LEP/1961Circulation section 517_862000000000000_LEP_1961Central Library, BUET2015-03-05 24385
 General Book3Central Library, BUET2015-03-07  2015-03-07517.862/LEP/1961Circulation section 517_862000000000000_LEP_1961Central Library, BUET2015-03-07 6374
 General Book4Central Library, BUET2015-03-07  2015-03-07517.862/LEP/1961Circulation section 517_862000000000000_LEP_1961Central Library, BUET2015-03-07 51027
 General Book5Central Library, BUET2015-03-07  2015-03-07517.862/LEP/1961Circulation section 517_862000000000000_LEP_1961Central Library, BUET2015-03-07 20963
 General Book6Central Library, BUET2015-03-07  2015-03-07517.862/LEP/1961Circulation section 517_862000000000000_LEP_1961Central Library, BUET2015-03-07 42659
 General Book7Central Library, BUET2015-03-07  2015-03-07517.862/LEP/1961Circulation section 517_862000000000000_LEP_1961Central Library, BUET2015-03-07 40115
 General Book8Central Library, BUET2015-03-07  2015-03-07517.862/LEP/1961Circulation section 517_862000000000000_LEP_1961Central Library, BUET2015-03-07 39671
 General Book9Central Library, BUET2015-03-07  2015-03-07517.862/LEP/1961Circulation section 517_862000000000000_LEP_1961Central Library, BUET2015-03-07 39670
 General Book10Central Library, BUET2015-03-07  2015-03-07517.862/LEP/1961Circulation section 517_862000000000000_LEP_1961Central Library, BUET2015-03-07 42660
 General Book11Central Library, BUET2015-03-09  2015-03-09517.862/LEP/1961Circulation section 517_862000000000000_LEP_1961Central Library, BUET2015-03-09 42661
 General Book12Central Library, BUET2015-03-09  2015-03-09517.862/LEP/1961Circulation section 517_862000000000000_LEP_1961Central Library, BUET2015-03-09 51026
 General Book13Central Library, BUET2015-05-03  2015-05-03517.862/LEP/1961Circulation section 517_862000000000000_LEP_1961Central Library, BUET2015-05-03 2039
 General Book14Central Library, BUET2015-05-03  2015-05-03517.862/LEP/1961Circulation section 517_862000000000000_LEP_1961Central Library, BUET2015-05-03 6375
 General Book15Central Library, BUET2015-05-03  2015-05-03517.862/LEP/1961Circulation section 517_862000000000000_LEP_1961Central Library, BUET2015-05-03 2041
 General Book16Central Library, BUET2015-05-03  2015-05-03517.862/LEP/1961Circulation section 517_862000000000000_LEP_1961Central Library, BUET2015-05-03 2040